| 000 | 01898nam2a2200313 4500 | ||
|---|---|---|---|
| 001 | RU\NLR\BIBL_A\022815595 | ||
| 005 | 20260618151225.0 | ||
| 010 |
_a978-5-7803-0363-3 _9300 |
||
| 035 | _a(NLR Aleph) 022815595 | ||
| 090 |
_a13714047 _c13714047 |
||
| 100 | _a20260525d2025 k y0rusy50 ca | ||
| 101 | 0 |
_arus _aeng _deng |
|
| 102 | _aRU | ||
| 105 | _aa z 001zy | ||
| 200 | 1 |
_aРасселение денисовцев в Центральной Азии _dThe dispersal of denisovans in Central Asia _fответственный редактор: академик РАН В. И. Молодин _gМинистерство науки и высшего образования Российской Федерации ... _zeng |
|
| 210 | _d2025 | ||
| 215 |
_a1139, [4] с. _cил., цв. ил. |
||
| 300 | _aТекст рус., англ. | ||
| 320 | _aБиблиогр.: с. 583-613, 1094-1126 | ||
| 320 | _aИмен. указ.: с. 615-625, 1128-1136 | ||
| 320 | _aУказ. местонахождений: с. 626-628, 1137-1139 | ||
| 461 | 0 |
_1001RU\NLR\BIBL_A\010949756 _12001#$aТри глобальные миграции человека в Евразии$dThree global human migrations in Eurasia$fА. П. Деревянко$gотв. ред. д.ист.н. М. В. Шуньков$gРос. акад. наук, Сиб. отд-ние, Ин-т археологии и этнографии$zeng$vТ. 7 _1700#1$aДеревянко$bА. П.$cархеолог$f1943-$gАнатолий Пантелеевич$3RU\NLR\AUTH\7720585 |
|
| 510 | 1 |
_6z11790 _aThe dispersal of denisovans in Central Asia _zeng |
|
| 702 | 1 |
_aМолодин _bВ. И. _f1948- _gВячеслав Иванович _3RU\NLR\AUTH\770165665 _4340 |
|
| 790 | 1 |
_6z11510 _aDerevjanko _bA. P. _cархеолог _f1943- _gAnatolij Panteleevič _3RU\NLR\AUTH\7741690 |
|
| 942 | _cBOOK | ||
| 980 | _aNB | ||